| Tag |
First Indicator |
Second Indicator |
Subfields |
| LEADER |
00000cas a2200000 a 4500 |
| 001 |
in00000073786 |
| 005 |
20151008054713.0 |
| 008 |
800812c19799999nyuar r 0uuua0eng d |
| 035 |
|
|
|a (OCoLC)06612056
|
| 035 |
|
|
|9 AAJ1435AM
|
| 040 |
|
|
|a COA
|c COA
|d TXA
|d UtOrBLW
|
| 049 |
|
|
|a TXAE
|
| 090 |
|
|
|a HD9999.C74
|b P36
|
| 245 |
0 |
0 |
|a Paperboard packaging's international container directory.
|
| 246 |
3 |
0 |
|a International container directory.
|
| 264 |
|
1 |
|a [New York] :
|b [Magazines for Industry],
|c [1979-]
|
| 300 |
|
|
|a volumes ;
|c 28 cm.
|
| 310 |
|
|
|a Annual
|
| 336 |
|
|
|a text
|b txt
|2 rdacontent
|
| 337 |
|
|
|a unmediated
|b n
|2 rdamedia
|
| 338 |
|
|
|a volume
|b nc
|2 rdacarrier
|
| 362 |
0 |
|
|a 1979- .
|
| 500 |
|
|
|a Description based on: 1980.
|
| 650 |
|
0 |
|a Container industry
|x Directories.
|
| 999 |
|
|
|a MARS
|
| 999 |
f |
f |
|s 4b85bb68-132c-3faf-85d9-c6467a23a921
|i 04e65179-8182-36fd-b50a-e76eaa55f532
|t 0
|
| 952 |
f |
f |
|p serial
|a Texas A&M University
|b College Station
|c Sterling C. Evans Library
|d Evans: Library Stacks
|t 0
|e HD9999.C74 P36
|h Library of Congress classification
|i unmediated -- volume
|k v.1
|l 1980
|m A14807017657
|
| 998 |
f |
f |
|a HD9999.C74 P36
|s v.1 (1980)
|t 0
|l Evans: Library Stacks
|